000 00646nam a2200217Ia 4500
999 _c35386
_d35386
003 OSt
005 20210702153734.0
008 160316s2010 xxu||||| |||| 00| 0 eng d
040 _cn
082 _a346.043420
_bROY
100 _aRoy Pandey R N
245 _aHandbook Santhal parganas tenancy laws : With rules along with 52 appendices
250 _a2nd
260 _aAllahabad
_bRajpal & Company
_c2010
300 _a351p
_cxi
365 _b Rs. 320
650 _a1. Law of Tenancy - Nagpur
700 _a
_a
856 _uhttps://www.indiacode.nic.in/bitstream/123456789/8120/1/santhal_parganas_tenancy_laws_full.pdf
942 _2ddc
_cBK